UM Logo

Introduction to tourism and hospitality industry/ (Record no. 3302)

MARC details
000 -LEADER
fixed length control field 00590nam a22001697a 4500
008 - FIXED-LENGTH DATA ELEMENTS--GENERAL INFORMATION
fixed length control field 160708b xxu||||| |||| 00| 0 eng d
020 ## - INTERNATIONAL STANDARD BOOK NUMBER
International Standard Book Number 13: 978-0-07-066021-2
020 ## - INTERNATIONAL STANDARD BOOK NUMBER
International Standard Book Number 10: 0-07-066021-2
082 ## - DEWEY DECIMAL CLASSIFICATION NUMBER
Classification number DC 338.4791023 An2i 2007
100 ## - MAIN ENTRY--PERSONAL NAME
9 (RLIN) 11011
Personal name Andrews, Sudhir.
245 ## - TITLE STATEMENT
Title Introduction to tourism and hospitality industry/
Statement of responsibility, etc. Sudhir Andrews.
260 ## - PUBLICATION, DISTRIBUTION, ETC. (IMPRINT)
Place of publication, distribution, etc. New Delhi:
Name of publisher, distributor, etc. Tata McGraw-Hill Publishing Company Limited,
Date of publication, distribution, etc. c2007.
300 ## - PHYSICAL DESCRIPTION
Extent xv, 236 pages;
Dimensions 24 cm.
650 #0 - SUBJECT ADDED ENTRY--TOPICAL TERM
9 (RLIN) 11012
Topical term or geographic name as entry element Hospitality industry -- Management.
650 #0 - SUBJECT ADDED ENTRY--TOPICAL TERM
9 (RLIN) 11013
Topical term or geographic name as entry element Tourism
General subdivision Management.
942 ## - ADDED ENTRY ELEMENTS (KOHA)
Source of classification or shelving scheme Dewey Decimal Classification
Koha item type Circulation
Holdings
Withdrawn status Lost status Source of classification or shelving scheme Damaged status Not for loan Collection code Home library Current library Date acquired Source of acquisition Cost, normal purchase price Total Checkouts Full call number Barcode Date last seen Copy number Price effective from Koha item type Date last checked out
    Dewey Decimal Classification     Circulation UM Digos College - LIC UM Digos College - LIC 01/12/2009 Purchased 636.00   DC 338.4791023 An2i 2007 19961 05/15/2025 1 07/08/2016 Circulation  
    Dewey Decimal Classification     Circulation UM Digos College - LIC UM Digos College - LIC 12/03/2009     1 DC 338.4791023 An2i 2007 20675 05/15/2025 2 08/04/2016 Circulation 01/12/2017